Bulgarian Cities - Sudden Death - Statistics

General Stats
  • This quiz has been taken 66 times
  • The average score is 10 of 20
Answers on the Grid
Answers color-coded by a green-red scale on the quiz's grid according to % correct below.
Asenovgrad
Budva
Burgas
Cernavodă
Chornomorsk
Dnestrovsc
Dobrich
Gabrovo
Haskovo
Hodonin
Kladovo
Kuche
Kumanovo
Mitrovica
Nitra
Novi Pazar
Opava
Oryol
Pazardzhik
Pernik
Pleven
Plovdiv
Polotsk
Ptuj
Razgrad
Shumen
Silistra
Sliven
Sofia
Stara Zagora
Targovishte
Ternopil
Tetovo
Tuzla
Varna
Vidin
Visegrád
Vratsa
Yambol
Yampil
 
Answer Stats
Answer % Correct
Burgas
91%
Dobrich
75%
Asenovgrad
68%
Gabrovo
61%
Sofia
61%
Varna
61%
Haskovo
59%
Plovdiv
55%
Pleven
50%
Sliven
48%
Stara Zagora
45%
Razgrad
43%
Shumen
41%
Yambol
41%
Pazardzhik
39%
Vidin
39%
Vratsa
36%
Pernik
34%
Silistra
34%
Targovishte
32%
No matching quizzes found
Score Distribution
Percent of People with Each Score
Percentile by Number Answered
Your Score History
You have not taken this quiz